| 000 | 00913cam a2200289 a 4500 | ||
|---|---|---|---|
| 001 | 4260453 | ||
| 003 | ARRUPE | ||
| 005 | 20150908091457.0 | ||
| 008 | 841026s1985 nyu 000 0 eng | ||
| 010 | _a 84023013 | ||
| 020 | _a0801415462 (alk. paper) | ||
| 020 | _a0801493315 (pbk.) | ||
| 040 |
_aDLC _cDLC _dDLC |
||
| 041 | 1 | _aengfre | |
| 050 | 0 | 0 |
_aHQ1206 _b.I713 1985 |
| 082 | 0 | 0 |
_a155.3/33 _221 |
| 100 | 1 |
_aIrigaray, Luce. _914724 |
|
| 245 | 1 | 0 |
_aThis sex which is not one / _cLuce Irigaray ; translated by Catherine Porter with Carolyn Burke. |
| 260 |
_aIthaca, N.Y. : _bCornell University Press, _c1985. |
||
| 300 |
_a223 p. ; _c23 cm. |
||
| 650 | 0 |
_aWomen _xPsychology. _919424 |
|
| 650 | 0 |
_aWomen and psychoanalysis. _919421 |
|
| 650 | 0 |
_aFemininity (Philosophy) _919422 |
|
| 650 | 0 |
_aSex (Psychology) _919425 |
|
| 906 |
_a7 _bcbc _corignew _d1 _eocip _f19 _gy-gencatlg |
||
| 942 |
_2lcc _cMONOGRAPH |
||
| 999 |
_c123271 _d123271 |
||